000 00249 a2200097 4500
001 29774
100 _aMatsch
245 _aElectromagnetic & electromechanical machines v 44: 2nd
260 _a
_bThomas and Cravell Co.
_c
090 _c19791
_d19791
942 _aNUST-CAE
_cM
_c10881
999 _c264847
_d264847